000 00420nam a2200169Ia 4500
008 230524s9999 xx 000 0 und d
020 _a8131702324
082 _a6
_bBOO
100 _aGrady Booch
245 0 _aObject Oriented Analysis and Design With Applications
250 _a2ND
260 _aNEW DELHI
_bPearson
_c2007
300 _aXVI;527
500 _aQuantity Number: 3
650 _aComp-Sc
942 _cBK
999 _c40912
_d40912